How do animals talk? / (Record no. 8517)

MARC details
000 -LEADER
fixed length control field 01205nam a22003017a 4500
001 - CONTROL NUMBER
control field 8517
003 - CONTROL NUMBER IDENTIFIER
control field FISKH
005 - DATE AND TIME OF LATEST TRANSACTION
control field 20250917105208.0
008 - FIXED-LENGTH DATA ELEMENTS--GENERAL INFORMATION
fixed length control field 250917b cb ||||| |||| 00| 0 eng d
020 ## - INTERNATIONAL STANDARD BOOK NUMBER
International Standard Book Number 9780746006009
040 ## - CATALOGING SOURCE
Original cataloging agency FISKH
Language of cataloging eng
Transcribing agency FISKH
Modifying agency FISKH
050 ## - LIBRARY OF CONGRESS CALL NUMBER
Classification number J591.59 MAY
082 ## - DEWEY DECIMAL CLASSIFICATION NUMBER
Classification number 591.59
100 ## - MAIN ENTRY--PERSONAL NAME
Personal name Mayes, Susan
245 ## - TITLE STATEMENT
Title How do animals talk? /
Statement of responsibility, etc. Susan Mayes ; Designed by Claire Littlejohn, Brian Robertson and Mary Forster ; Illustrated by Angela Hargreaves, Philip Hood and Colin King
260 ## - PUBLICATION, DISTRIBUTION, ETC.
Place of publication, distribution, etc. London :
Name of publisher, distributor, etc. Usborne Publishing,
Date of publication, distribution, etc. 1991.
300 ## - PHYSICAL DESCRIPTION
Extent 24 pages :
Other physical details color illustrations ;
Dimensions 18 cm
505 ## - FORMATTED CONTENTS NOTE
Formatted contents note J<br/>
520 ## - SUMMARY, ETC.
Summary, etc. Introduces young children to fundamental aspects of nature, science and technology-- Inspired by the questions children ask about the world around them-- Simple text and detailed illustrations answer questions in clear, step-by-step stages
521 8# - TARGET AUDIENCE NOTE
Target audience note 440<br/>
Source Lexile estimate<br/>
521 8# - TARGET AUDIENCE NOTE
Target audience note J<br/>
Source Raz-Plus<br/>
650 ## - SUBJECT ADDED ENTRY--TOPICAL TERM
Topical term or geographic name entry element Animal Communication
Form subdivision Children's Book
700 ## - ADDED ENTRY--PERSONAL NAME
Personal name Hargreaves, Angela
Relator term illustrator
700 ## - ADDED ENTRY--PERSONAL NAME
Personal name King, Colin
Relator term illustrator
700 ## - ADDED ENTRY--PERSONAL NAME
Personal name Hood, Philip
Relator term illustrator
942 ## - ADDED ENTRY ELEMENTS (KOHA)
Source of classification or shelving scheme Dewey Decimal Classification
Koha item type Books
Suppress in OPAC No
Holdings
Withdrawn status Lost status Source of classification or shelving scheme Damaged status Not for loan Collection Home library Current library Shelving location Date acquired Total Checkouts Full call number Barcode Date last seen Copy number Price effective from Koha item type
    Dewey Decimal Classification     Non-Fiction Footprints International School Library Network Toul Tom Poung Campus Footprints International School Library Network Toul Tom Poung Campus TTP Primary Dark Blue Bookshelves 09/17/2025   MAY 591.59 J591.59 MAY FIS01560 09/17/2025 1 09/17/2025 Books